| 000 | 01180nam a2200361 a 4500 | ||
|---|---|---|---|
| 001 | vtls000736389 | ||
| 003 | NLI | ||
| 005 | 20210627043914.0 | ||
| 008 | 110317s2007 ii a e 001 0 eng d | ||
| 020 | _a8185931755; | ||
| 039 | 9 |
_y201103171908 _zChanchalg |
|
| 040 |
_aNLI: _beng |
||
| 041 | 0 | _aeng | |
| 044 | _aii | ||
| 082 | 0 | 4 |
_a003.54 _222 |
| 100 | 1 |
_aParthasarathy, K. R. _9725735 |
|
| 245 | 1 | 0 |
_aCoding theorems of classical quantum information theory/ _cK. R. Parthasarathy |
| 260 |
_aNew Delhi: _bHindustan Book, _cc2007 |
||
| 300 |
_axii,158p.: _bill; _c25cm |
||
| 504 | _aIncludes bibliographical references and index | ||
| 650 | 0 |
_aInformation theory _9725736 |
|
| 650 | 0 |
_aQuantum theory _xMathematics _9725737 |
|
| 650 | 0 |
_aCoding theory _9725738 |
|
| 650 | 0 |
_aInformation theory in mathematics _9725739 |
|
| 887 | _achanchalg | ||
| 901 |
_aDB102542: _b07.05.2007 |
||
| 902 | _aE 003.54 P 257 | ||
| 904 | _achanchalg | ||
| 949 |
_AVIRTUAITEM _D10000 _X100 _6DBA000102542ENG |
||
| 942 |
_2ddc _cBKS |
||
| 999 |
_aVIRTUA _c596374 _d596374 |
||
| 999 | _aVTLSSORT0080*0200*0400*0410*0440*0820*1000*2450*2600*3000*5040*6500*6501*6502*6503*8520*9010*9020*9040*9992 | ||